CADCAM: principles, practice, and manufacturing management -- 2nd ed. (Record no. 79099)
[ view plain ]
| 000 -LEADER | |
|---|---|
| fixed length control field | 00876nam a2200205 a 4500 |
| 008 - FIXED-LENGTH DATA ELEMENTS--GENERAL INFORMATION | |
| fixed length control field | 120416s1998 ||||||||||||||||| || u |
| 020 ## - INTERNATIONAL STANDARD BOOK NUMBER | |
| International Standard Book Number | 0201178192 |
| 050 ## - LIBRARY OF CONGRESS CALL NUMBER | |
| Classification number | TS 155.6 Mac |
| 100 ## - MAIN ENTRY--PERSONAL NAME | |
| Personal name | Browne, Jimmie |
| 245 10 - TITLE STATEMENT | |
| Title | CADCAM: principles, practice, and manufacturing management -- 2nd ed. |
| Statement of responsibility, etc. | Chris McMahon; Jimmie Browne |
| 250 ## - EDITION STATEMENT | |
| Edition statement | 2nd ed. |
| 260 ## - PUBLICATION, DISTRIBUTION, ETC. | |
| Place of publication, distribution, etc. | Harlow, England |
| Name of publisher, distributor, etc. | Addison-Wesley |
| Date of publication, distribution, etc. | 1998 |
| 300 ## - PHYSICAL DESCRIPTION | |
| Extent | xxii, 665 p. : ill. |
| 350 ## - | |
| -- | 0.00 |
| 650 ## - SUBJECT ADDED ENTRY--TOPICAL TERM | |
| Topical term or geographic name entry element | ENGINEERING |
| 650 ## - SUBJECT ADDED ENTRY--TOPICAL TERM | |
| Topical term or geographic name entry element | CAD/CAM SYSTEMS |
| 700 ## - ADDED ENTRY--PERSONAL NAME | |
| Personal name | McMahon, Chris |
| 995 ## - | |
| -- | MAIN LIBRARY OPEN ACCESS |
| -- | 0.00 |
| -- | 733491 |
| -- | CBU-MAIN LIBRARY (Kitwe) |
| -- | 1 |
| -- | 0.00 |
| -- | TS 155.6 Mac |
| -- | 1 |
| -- | AVAILABLE |
| -- | 45093 |
| -- | Main Library Open Access Collection |
| 995 ## - | |
| -- | MAIN LIBRARY OPEN ACCESS |
| -- | 0.00 |
| -- | 738744 |
| -- | CBU-MAIN LIBRARY (Kitwe) |
| -- | 1 |
| -- | 0.00 |
| -- | TS 155.6 MAC |
| -- | 2 |
| -- | AVAILABLE |
| -- | Sep 25, 2008 |
| -- | 738744 |
| -- | Main Library Open Access Collection |
| 999 ## - | |
| -- | 79099 |
| -- | 79099 |
No items available.